Pokemon starting with the letter A - Statistics

General Stats
  • This quiz has been taken 23 times
  • The average score is 33 of 45
Answer Stats
Gen Answer % Correct
1 Abra
94%
2 Aipom
94%
1 Alakazam
94%
1 Arbok
94%
1 Articuno
94%
3 Aggron
88%
4 Ambipom
88%
1 Arcanine
88%
4 Arceus
88%
3 Aron
88%
4 Azelf
88%
4 Abomasnow
81%
5 Accelgor
81%
5 Alomomola
81%
3 Armaldo
81%
6 Avalugg
81%
2 Azumarill
81%
3 Azurill
81%
3 Absol
75%
6 Aegislash
75%
5 Anorith
75%
8 Applin
75%
7 Araquanid
75%
9 Arboliva
75%
9 Archaludon
75%
5 Archen
75%
5 Archeops
75%
2 Ariados
75%
5 Audino
75%
5 Axew
75%
1 Aerodactyl
69%
3 Altaria
69%
9 Annihilape
69%
8 Appletun
69%
8 Arrokuda
69%
6 Amaura
63%
6 Aromatisse
63%
6 Aurorus
63%
8 Alcremie
56%
2 Ampharos
56%
9 Armarouge
56%
5 Amoonguss
50%
9 Arctibax
50%
8 Arctovish
38%
8 Arctozolt
38%
No matching quizzes found
Score Distribution
Percent of People with Each Score
Percentile by Number Answered
Your Score History
You have not taken this quiz